Principles and applications of tribology (Record no. 2705)

000 -LEADER
fixed length control field 00535nam a22002054a 4500
001 - CONTROL NUMBER
control field 2705
003 - CONTROL NUMBER IDENTIFIER
control field BD-DhUET
008 - FIXED-LENGTH DATA ELEMENTS--GENERAL INFORMATION
fixed length control field 980908s1999 nyua 001 0 eng
020 ## - INTERNATIONAL STANDARD BOOK NUMBER
International Standard Book Number 0471594075
040 ## - CATALOGING SOURCE
Original cataloging agency DLC
Transcribing agency DLC
Modifying agency BD-DhUET
082 00 - DEWEY DECIMAL CLASSIFICATION NUMBER
Classification number 621.89
Item number BHU/1999
100 1# - MAIN ENTRY--PERSONAL NAME
Personal name Bhushan, Bharat,
245 10 - TITLE STATEMENT
Title Principles and applications of tribology
Statement of responsibility, etc. by Bharat Bhushan
250 ## - EDITION STATEMENT
Edition statement Ist ed.
260 ## - PUBLICATION, DISTRIBUTION, ETC. (IMPRINT)
Place of publication, distribution, etc. New York
Name of publisher, distributor, etc. John Wiley,
Date of publication, distribution, etc. 1999
300 ## - PHYSICAL DESCRIPTION
Extent xix, 1020 p.
504 ## - BIBLIOGRAPHY, ETC. NOTE
Bibliography, etc Includes bibliographies.
650 #0 - SUBJECT ADDED ENTRY--TOPICAL TERM
Topical term or geographic name as entry element Tribology.
942 ## - ADDED ENTRY ELEMENTS (KOHA)
Koha item type General Book
Holdings
Not for loan Koha full call number Piece designation (barcode) Koha date last borrowed Copy number Shelving location Koha issues (times borrowed) Withdrawn status Location (home branch) Source of classification or shelving scheme Koha date last seen Damaged status Lost status Koha item type Price effective from Sublocation or collection (holding branch) Koha normalized classification for sorting Date acquired
 621.89/BHU/199996879 1Circulation section  Central Library, BUET 2014-09-29  General Book2014-09-29Central Library, BUET621_000000000000000_89BHU19992014-09-29
 621.89/BHU/199997824 2Circulation section  Central Library, BUET 2014-09-29  General Book2014-09-29Central Library, BUET621_000000000000000_89BHU19992014-09-29
 621.89/BHU/1999978232022-12-213Circulation section1 Central Library, BUET 2023-01-09  General Book2015-04-26Central Library, BUET621_890000000000000_BHU_19992015-04-26
 621.89/BHU/199996878 4Reading section  Central Library, BUET 2015-06-14  Reading Item2015-06-14Central Library, BUET621_890000000000000_BHU_19992015-06-14
 621.89/BHU/1999968802023-01-095Circulation section1 Central Library, BUET 2023-01-24  General Book2017-11-04Central Library, BUET621_890000000000000_BHU_19992002-06-16